Design and Analysis of Algorithms (Record no. 6818)
[ view plain ]
| 000 -LEADER | |
|---|---|
| fixed length control field | 00309nam a2200133Ia 4500 |
| 008 - FIXED-LENGTH DATA ELEMENTS--GENERAL INFORMATION | |
| fixed length control field | 191201s2018 xx 000 0 und d |
| 020 ## - INTERNATIONAL STANDARD BOOK NUMBER | |
| International Standard Book Number | 9780198093695 |
| 100 ## - MAIN ENTRY--PERSONAL NAME | |
| Personal name | SRIDHAR, S |
| 245 #0 - TITLE STATEMENT | |
| Title | Design and Analysis of Algorithms |
| 260 ## - PUBLICATION, DISTRIBUTION, ETC. (IMPRINT) | |
| Name of publisher, distributor, etc | Oxford |
| Date of publication, distribution, etc | 2018 |
| 300 ## - PHYSICAL DESCRIPTION | |
| Extent | 770 |
| 650 ## - SUBJECT ADDED ENTRY--TOPICAL TERM | |
| Topical term or geographic name as entry element | MCA |
| 942 ## - ADDED ENTRY ELEMENTS (KOHA) | |
| Source of classification or shelving scheme | Dewey Decimal Classification |
| Koha item type | Text Books |
| 942 ## - ADDED ENTRY ELEMENTS (KOHA) | |
| -- | 5 |
| Withdrawn status | Lost status | Source of classification or shelving scheme | Damaged status | Not for loan | Collection code | Home library | Current library | Date acquired | Source of acquisition | Cost, normal purchase price | Bill Number | Total Checkouts | Full call number | Acc. no. / Barcode | Date last seen | Actual Cost, discounted price | Bill Date | Koha item type | Date last borrowed | Currency | Serial Enumeration / chronologySerial Enumeration / Volume No. | Checked out |
|---|---|---|---|---|---|---|---|---|---|---|---|---|---|---|---|---|---|---|---|---|---|---|
| Dewey Decimal Classification | MCA | PIET C-LIBRARY | PIET C-LIBRARY | 21/07/2020 | Kirti Prakashan | 700.00 | IN3686 | 005.12 SRD | 30438 | 04/12/2019 | 476.00 | 22/04/2019 | Text Books | |||||||||
| Dewey Decimal Classification | MCA | PIET C-LIBRARY | PIET C-LIBRARY | 21/07/2020 | Kirti Prakashan | 700.00 | IN3686 | 11 | 005.12 SRD | 30439 | 15/04/2026 | 476.00 | 22/04/2019 | Text Books | 14/04/2026 | |||||||
| Dewey Decimal Classification | MCA | PIET C-LIBRARY | PIET C-LIBRARY | 13/02/2025 | Zafaa Books and Distributors | 1030.00 | ZBD091 | 3 | 005.12 SRD | 38751 | 28/05/2026 | 710.70 | 13/02/2025 | Text Books | 20/05/2026 | INR | 4th Ed. | |||||
| Dewey Decimal Classification | MCA | PIET C-LIBRARY | PIET C-LIBRARY | 13/02/2025 | Viva Books Privat Limited | 1030.00 | SIVB-30-24--01557 | 4 | 005.12 SRD | 38739 | 04/06/2026 | 824.00 | 05/09/2024 | Text Books | 04/06/2026 | INR | 4th Ed. | 18/06/2026 |